[Event "1617LLO"]
[Site "Mecklenburg-Vorpommern"]
[Date "2016.11.06"]
[Round "2.7"]
[White "Ernst, Mathias"]
[Black "Friedrich, Joerg"]
[Result "1-0"]
[WhiteElo "1687"]
[BlackElo "1599"]
[PlyCount "83"]
[EventDate "2016.11.06"]
[EventType "team-tourn"]
[EventRounds "9"]
[SourceDate "2016.10.16"]
[WhiteTeam "HSG Uni Rostock"]
[BlackTeam "SG Neubrandenburg II"]

1. e4 c5 2. Nf3 Nc6 3. d4 cxd4 4. Nxd4 e5 5. Nf3 f5 6. exf5 Nf6 7. Be2 Be7 8.
c4 O-O 9. O-O d6 10. Nc3 Bxf5 11. b3 a6 12. Bb2 Bg4 13. Qd2 Ne8 14. h3 Bxf3 15.
Bxf3 Rxf3 16. gxf3 Nd4 17. Qd3 Bh4 18. Ne4 d5 19. cxd5 Qxd5 20. Bxd4 exd4 21.
Qc4 Qxc4 22. bxc4 Rc8 23. Rac1 Be7 24. Rfd1 Rd8 25. Rb1 Rd7 26. Rd3 Nf6 27.
Rbd1 Nxe4 28. fxe4 Bc5 29. Kg2 Kf7 30. f4 Ke6 31. Kf3 g6 32. h4 h5 33. Rg1 Kf7
34. Rg5 Be7 35. Rd5 Rxd5 36. exd5 Bxh4 37. Rxd4 g5 38. fxg5 Bxg5 39. Ke4 Ke8
40. Kf5 Bd8 41. Ke6 Bg5 42. Rd1 1-0

[Event "1617LLO"]
[Site "Mecklenburg-Vorpommern"]
[Date "2016.11.06"]
[Round "2.8"]
[White "Sommer, Hans Hermann"]
[Black "Stender, Wilfried"]
[Result "1-0"]
[WhiteElo "1639"]
[BlackElo "1174"]
[PlyCount "53"]
[EventDate "2016.11.06"]
[EventType "team-tourn"]
[EventRounds "9"]
[SourceDate "2016.10.16"]
[WhiteTeam "SG Neubrandenburg II"]
[BlackTeam "HSG Uni Rostock"]

1. e4 c6 2. Nc3 d5 3. Nf3 Bg4 4. h3 Bxf3 5. Qxf3 e6 6. d4 Ne7 7. exd5 Nxd5 8.
Nxd5 exd5 9. Bd3 Qe7+ 10. Qe3 Nd7 11. O-O O-O-O 12. Qg3 g6 13. c4 Nf6 14. Bg5
Bg7 15. Rfe1 Qd6 16. Bf4 Qd7 17. Be5 Rhe8 18. cxd5 Qxd5 19. Qh4 Re6 20. b3 b5
21. Rad1 Nh5 22. Bxg7 Nxg7 23. Qxh7 Nh5 24. Bf1 Rf6 25. Qh6 Rf4 26. Be2 Nf6 27.
Qxf4 1-0

[Event "1617LLO"]
[Site "Mecklenburg-Vorpommern"]
[Date "2016.11.06"]
[Round "2.3"]
[White "Luethke, Hans Eckart"]
[Black "Hodl, Ingolf"]
[Result "0-1"]
[WhiteElo "2099"]
[BlackElo "1891"]
[PlyCount "127"]
[EventDate "2016.11.06"]
[EventType "team-tourn"]
[EventRounds "9"]
[SourceDate "2016.10.16"]
[WhiteTeam "SSC Graal-Mueritz"]
[BlackTeam "SSC Rostock III"]

1. e4 Nf6 2. e5 Nd5 3. d4 d6 4. Nf3 g6 5. Bc4 Nb6 6. Bb3 Bg7 7. O-O O-O 8. exd6
cxd6 9. Bg5 Nc6 10. c3 Bf5 11. Re1 h6 12. Be3 Na5 13. Bc2 Bxc2 14. Qxc2 Nac4
15. Nbd2 Nxe3 16. fxe3 d5 17. e4 e6 18. a4 Qc7 19. a5 Nc4 20. Nxc4 dxc4 21. e5
b5 22. Nd2 a6 23. Ne4 Qd8 24. Re3 Kh7 25. Rh3 f5 26. exf6 Bxf6 27. Rf1 Be7 28.
Rxf8 Qxf8 29. Rf3 Qg7 30. Qf2 Rf8 31. Rxf8 Qxf8 32. Qxf8 Bxf8 33. Nc5 e5 34.
Nd7 Be7 35. dxe5 Kg7 36. Kf2 Kf7 37. Nb8 Ke6 38. Nxa6 Bd8 39. Nc5+ Kxe5 40. Nb7
Bc7 41. Kf3 Kd5 42. a6 Kc6 43. h3 Kb6 44. Nc5 Bd6 45. Nd7+ Kxa6 46. Ke4 Ka5 47.
Ne5 Bxe5 48. Kxe5 Ka4 49. Kf6 Kb3 50. Kxg6 Kxb2 51. Kxh6 b4 52. cxb4 c3 53. g4
c2 54. g5 c1=Q 55. h4 Kc3 56. h5 Kd4 57. Kg6 Ke5 58. h6 Qc2+ 59. Kg7 Qc7+ 60.
Kg6 Qc6+ 61. Kg7 Qd7+ 62. Kg6 Qe6+ 63. Kg7 Qe7+ 64. Kg6 0-1

[Event "1617LLO"]
[Site "Mecklenburg-Vorpommern"]
[Date "2016.11.06"]
[Round "2.2"]
[White "Ryll, Detlef"]
[Black "Van Bentum, Horst"]
[Result "1/2-1/2"]
[WhiteElo "1764"]
[BlackElo "1945"]
[PlyCount "43"]
[EventDate "2016.11.06"]
[EventType "team-tourn"]
[EventRounds "9"]
[SourceDate "2016.10.16"]
[WhiteTeam "SSC Rostock III"]
[BlackTeam "SSC Graal-Mueritz"]

1. e4 e5 2. Nf3 Nc6 3. Nc3 Nf6 4. Bb5 Bb4 5. O-O O-O 6. d3 d6 7. Bg5 Bxc3 8.
bxc3 h6 9. Bh4 Qe7 10. Nd2 Nd8 11. Bxf6 Qxf6 12. Qf3 Qg5 13. Qe3 Ne6 14. Qxg5
hxg5 15. f3 g6 16. Bc4 Nf4 17. Rfe1 Kg7 18. Rab1 b6 19. Nf1 Be6 20. Bxe6 Nxe6
21. Ne3 Rfd8 22. Kf2 1/2-1/2

[Event "1617LLO"]
[Site "Mecklenburg-Vorpommern"]
[Date "2016.11.06"]
[Round "2.3"]
[White "Laser, Dirk"]
[Black "Wurst, Maximilian"]
[Result "0-1"]
[WhiteElo "1805"]
[BlackElo "1659"]
[PlyCount "66"]
[EventDate "2016.11.06"]
[EventType "team-tourn"]
[EventRounds "9"]
[SourceDate "2016.10.16"]
[WhiteTeam "SSC Graal-Mueritz"]
[BlackTeam "SSC Rostock III"]

1. e4 e5 2. f4 exf4 3. Nf3 g5 4. d4 Bg7 5. Nc3 d6 6. g3 g4 7. Bxf4 gxf3 8. Qxf3
Nf6 9. h3 Nc6 10. O-O-O Qe7 11. Bg5 h6 12. Nd5 hxg5 13. Nxe7 Kxe7 14. e5 dxe5
15. dxe5 Nxe5 16. Qa3+ Ke8 17. Bb5+ c6 18. Qd6 Nfd7 19. Ba4 Rh6 20. Qc7 Bf6 21.
Qd6 Bg7 22. Qd4 b5 23. Bb3 c5 24. Qd5 Rb8 25. Rhe1 Re6 26. c3 c4 27. Bc2 Bb7
28. Qd2 Bf3 29. Rxe5 Nxe5 30. Rf1 g4 31. Qf2 gxh3 32. Qxa7 Ra8 33. Qc5 h2 0-1

[Event "1617LLO"]
[Site "Mecklenburg-Vorpommern"]
[Date "2016.11.06"]
[Round "2.4"]
[White "Bardosch, Karl"]
[Black "Lechnauer, Uwe"]
[Result "1/2-1/2"]
[WhiteElo "1662"]
[BlackElo "1765"]
[PlyCount "187"]
[EventDate "2016.11.06"]
[EventType "team-tourn"]
[EventRounds "9"]
[SourceDate "2016.10.16"]
[WhiteTeam "SSC Rostock III"]
[BlackTeam "SSC Graal-Mueritz"]

1. e4 e5 2. Nc3 Bc5 3. Bc4 Nf6 4. d3 d6 5. Bg5 Be6 6. Bxe6 fxe6 7. Qd2 h6 8.
Be3 Nbd7 9. h3 Bb4 10. a3 Ba5 11. b4 Bb6 12. Na4 c6 13. Nxb6 axb6 14. Ne2 d5
15. exd5 exd5 16. d4 Ne4 17. Qd3 O-O 18. O-O Qh4 19. f3 Ng3 20. Bf2 Nxe2+ 21.
Qxe2 Qf4 22. dxe5 Nxe5 23. Bxb6 Nc4 24. Bc5 Rfe8 25. Qd3 Kf7 26. Rfe1 Rxa3 27.
Rxa3 Rxe1+ 28. Kf2 Nxa3 29. Kxe1 Qc1+ 30. Ke2 Qxc2+ 31. Qxc2 Nxc2 32. b5 Na1
33. bxc6 bxc6 34. Kd3 Nb3 35. Ba3 c5 36. Bb2 c4+ 37. Ke3 g6 38. h4 h5 39. Bc3
Ke6 40. Bb2 Kf5 41. g3 g5 42. hxg5 Kxg5 43. Be5 Kf5 44. Bb2 Ke6 45. Bc3 Nc1 46.
Bd4 Nd3 47. Bc3 Ne5 48. Bb2 Kf5 49. Bc3 Nc6 50. Bb2 Nb4 51. Bc3 Na2 52. Bd4 Nb4
53. Bc3 Nc6 54. Bb2 Ke6 55. Bc3 Ne7 56. Be1 Nf5+ 57. Kf4 d4 58. Ke4 d3 59. g4
Nd6+ 60. Ke3 hxg4 61. fxg4 Kd5 62. g5 Nf5+ 63. Kd2 Nd4 64. Kc3 Ne2+ 65. Kb4 Nf4
66. Kc3 Ng6 67. Kb4 Ne5 68. Kc3 Kc5 69. Bf2+ Kb5 70. Be1 Ng6 71. Kd4 Nh4 72.
Kc3 Ng6 73. Kd4 Nf4 74. Kc3 Kc5 75. Bf2+ Kd5 76. Be1 Ng6 77. Kb4 Ne5 78. Kc3
Ke4 79. g6 Nxg6 80. Kxc4 Ne5+ 81. Kb3 Ke3 82. Bc3 Nc6 83. Kc4 Ke2 84. Kb3 Kd1
85. Kc4 Kc1 86. Be1 Ne5+ 87. Kd5 Nf3 88. Ba5 Nd2 89. Bb4 Nb1 90. Kd4 Na3 91.
Ba5 Nb5+ 92. Kc4 d2 93. Bxd2+ Kxd2 94. Kxb5 1/2-1/2

[Event "1617LLO"]
[Site "Mecklenburg-Vorpommern"]
[Date "2016.11.06"]
[Round "2.5"]
[White "Schumann, Lutz"]
[Black "Wegner, Michael"]
[Result "0-1"]
[WhiteElo "1764"]
[BlackElo "1604"]
[PlyCount "116"]
[EventDate "2016.11.06"]
[EventType "team-tourn"]
[EventRounds "9"]
[SourceDate "2016.10.16"]
[WhiteTeam "SSC Graal-Mueritz"]
[BlackTeam "SSC Rostock III"]

1. c4 Nf6 2. Nc3 e5 3. d3 Bb4 4. a3 Bxc3+ 5. bxc3 b6 6. Nf3 e4 7. Ng5 exd3 8.
exd3 O-O 9. Be2 Bb7 10. O-O d6 11. Bf3 Bxf3 12. Qxf3 Nbd7 13. d4 c5 14. Bf4 Ne8
15. Rfe1 Ndf6 16. dxc5 bxc5 17. Rad1 Rb8 18. Rd3 Rb3 19. a4 Ra3 20. Qd1 Qa5 21.
Bxd6 Nxd6 22. Rxd6 Rxa4 23. h3 h6 24. Nf3 Rxc4 25. Ne5 Re4 26. Rxe4 Nxe4 27.
Rd7 Nf6 28. Rb7 Qxc3 29. Nc6 Re8 30. Kh2 a6 31. Qd6 Qc4 32. Qc7 Qe6 33. Ne7+
Kh7 34. Qxc5 Ne4 35. Qc7 Nxf2 36. Nc6 Rc8 37. Qxf7 Qxf7 38. Rxf7 Rxc6 39. Rxf2
a5 40. Ra2 Rc5 41. Ra4 Kg6 42. Kg3 Rf5 43. Kg4 Kf6 44. h4 Rb5 45. Kh3 Ke5 46.
Kg3 Kd5 47. Rg4 Rb7 48. Ra4 Ra7 49. Kf4 g6 50. g4 Ra6 51. h5 g5+ 52. Kf5 Kc5
53. Re4 a4 54. Re5+ Kc4 55. Re4+ Kd3 56. Re8 a3 57. Rd8+ Ke2 58. Re8+ Kf2 0-1

[Event "1617LLO"]
[Site "Mecklenburg-Vorpommern"]
[Date "2016.11.06"]
[Round "2.6"]
[White "Modrow, Andreas"]
[Black "Schulz, Wolf Detlef"]
[Result "1-0"]
[WhiteElo "1619"]
[BlackElo "1723"]
[PlyCount "177"]
[EventDate "2016.11.06"]
[EventType "team-tourn"]
[EventRounds "9"]
[SourceDate "2016.10.16"]
[WhiteTeam "SSC Rostock III"]
[BlackTeam "SSC Graal-Mueritz"]

1. c4 Nf6 2. Nc3 e5 3. e4 Bc5 4. d3 d6 5. Be2 Nc6 6. Nf3 Bg4 7. O-O Qd7 8. Bg5
h6 9. Be3 Bb6 10. a3 Bxf3 11. Bxf3 Bd4 12. Rb1 g5 13. Nd5 Nh7 14. Bg4 Qd8 15.
b4 O-O 16. b5 Ne7 17. Bxd4 exd4 18. Nxe7+ Qxe7 19. Bf5 Kg7 20. f4 f6 21. Rf3
Rh8 22. Qe1 gxf4 23. Rxf4 Ng5 24. Qg3 Kf8 25. h4 Qg7 26. hxg5 hxg5 27. Rff1 Rh4
28. Kf2 Re8 29. Rh1 Qh6 30. Rxh4 gxh4 31. Qf3 Qd2+ 32. Qe2 Qf4+ 33. Kg1 Re7 34.
Qf3 Qg5 35. Rf1 Rg7 36. Bh3 Ke7 37. Qf4 Rg6 38. Qxg5 fxg5 39. Bg4 c6 40. a4 Rg7
41. Rf5 Kd8 42. Kf2 Kc7 43. Bh5 Kb6 44. Rf6 cxb5 45. axb5 Kc5 46. Rg6 Rh7 47.
Rxg5+ Kb4 48. Rd5 Kc3 49. Ke2 Rh6 50. Bg4 Rg6 51. Bh3 Rg3 52. Rxd6 Re3+ 53. Kf2
Kxd3 54. Bf5 Kxc4 55. Rd7 Ra3 56. Rxb7 d3 57. Rd7 Kxb5 58. e5 Ra2+ 59. Ke3 Re2+
60. Kxd3 Rxe5 61. Be4 Re6 62. Rxa7 Rh6 63. Bf5 Kc5 64. Ke4 Rb6 65. Kf4 Rb2 66.
Bh3 Rb8 67. Rh7 Rf8+ 68. Kg4 Kd4 69. Kxh4 Ke4 70. Rg7 Kf4 71. Rg4+ Ke5 72. Kg3
Rb8 73. Rf4 Rh8 74. Rf1 Rg8+ 75. Kh2 Ke4 76. g4 Rg5 77. Kg3 Rg7 78. Bg2+ Ke5
79. Rf5+ Ke6 80. Kf4 Ra7 81. g5 Ra4+ 82. Be4 Ra1 83. Rf6+ Ke7 84. Ke5 Re1 85.
Rf4 Rg1 86. g6 Rg5+ 87. Kd4 Ra5 88. Rf7+ Ke8 89. Bc6+ 1-0

[Event "1617LLO"]
[Site "Mecklenburg-Vorpommern"]
[Date "2016.11.06"]
[Round "2.7"]
[White "Micheel, Peter"]
[Black "Worm, Alfred"]
[Result "0-1"]
[WhiteElo "1697"]
[BlackElo "1591"]
[PlyCount "118"]
[EventDate "2016.11.06"]
[EventType "team-tourn"]
[EventRounds "9"]
[SourceDate "2016.10.16"]
[WhiteTeam "SSC Graal-Mueritz"]
[BlackTeam "SSC Rostock III"]

1. e4 c6 2. d4 d5 3. Nc3 dxe4 4. Nxe4 Nd7 5. Nf3 Ngf6 6. Nxf6+ Nxf6 7. Bc4 e6
8. Bg5 h6 9. Bh4 Qb6 10. Bb3 Be7 11. c3 a5 12. a4 O-O 13. O-O Rd8 14. Qc2 Bd7
15. Ne5 Be8 16. Ba2 Nd5 17. Bxe7 Nxe7 18. Nc4 Qc7 19. Rad1 c5 20. dxc5 Qxc5 21.
Ne3 Qg5 22. Bb1 Ng6 23. b3 Bc6 24. Qe2 Nf4 25. Qg4 Qxg4 26. Nxg4 Ne2+ 27. Kh1
Nxc3 28. Rc1 Nxb1 29. Rxb1 Rd2 30. Rfd1 Rad8 31. Rxd2 Rxd2 32. Ne3 Rxf2 33. Rg1
Rb2 34. Nc4 Rxb3 35. Nxa5 Ra3 36. Rc1 Rxa4 37. Nxc6 bxc6 38. Kg1 Ra6 39. Kf2
Kf8 40. Rc2 Ke7 41. Rd2 c5 42. Ke2 Rd6 43. Rc2 Rd5 44. Rc3 Kd6 45. h4 Rd4 46.
Rg3 g6 47. Rf3 f5 48. g3 e5 49. Ra3 Kd5 50. Ra6 Rg4 51. h5 gxh5 52. Rxh6 Rxg3
53. Rxh5 f4 54. Rh8 c4 55. Rd8+ Ke4 56. Rc8 c3 57. Kf2 Kd3 58. Re8 Re3 59. Rd8+
Kc2 0-1

[Event "1617LLO"]
[Site "Mecklenburg-Vorpommern"]
[Date "2016.11.06"]
[Round "2.8"]
[White "Raitza, Egon"]
[Black "Rath, Wolfgang"]
[Result "0-1"]
[WhiteElo "1559"]
[BlackElo "1655"]
[PlyCount "128"]
[EventDate "2016.11.06"]
[EventType "team-tourn"]
[EventRounds "9"]
[SourceDate "2016.10.16"]
[WhiteTeam "SSC Rostock III"]
[BlackTeam "SSC Graal-Mueritz"]

1. d4 Nf6 2. c4 g6 3. Nc3 d6 4. e4 Bg7 5. f3 O-O 6. Be3 Nc6 7. Qd2 e5 8. d5 Ne7
9. g4 Ne8 10. O-O-O f5 11. gxf5 gxf5 12. Bh3 f4 13. Bf2 Ng6 14. Bxc8 Qxc8 15.
h4 Rf7 16. Nh3 Bf6 17. Rdg1 Kh8 18. Ng5 Rg7 19. Ne6 Rg8 20. h5 Ne7 21. Rxg8+
Nxg8 22. h6 c5 23. Be1 Nc7 24. Ng7 Ne7 25. Nh5 Qf8 26. Nxf6 Qxf6 27. Bh4 Qf7
28. Qh2 Rg8 29. Rg1 Ng6 30. Bg5 a6 31. Nd1 Ne8 32. Nf2 Nf6 33. Qh3 Rf8 34. Ng4
Nxg4 35. Qxg4 b5 36. cxb5 axb5 37. Rd1 b4 38. Qe6 c4 39. Qxd6 b3 40. axb3 cxb3
41. Kb1 Qa7 42. Qa3 Qe3 43. d6 Qxf3 44. Rc1 Qxe4+ 45. Ka1 Ra8 46. Bf6+ Kg8 47.
Rc8+ Rxc8 48. Qxb3+ Qc4 49. Qxc4+ Rxc4 50. d7 Rd4 51. d8=Q+ Rxd8 52. Bxd8 Kf7
53. b4 Ke6 54. Kb2 Kd7 55. Bb6 Kc6 56. Bc5 Kb5 57. Kc3 e4 58. Kd4 e3 59. Kd3
Ne5+ 60. Ke2 Kc4 61. Bd6 Kd5 62. Bc5 Ke4 63. b5 f3+ 64. Kf1 e2+ 0-1

[Event "1617LLO"]
[Site "Mecklenburg-Vorpommern"]
[Date "2016.11.06"]
[Round "2.1"]
[White "Rickmann, Niklas"]
[Black "Schwarz, Eckhard"]
[Result "1/2-1/2"]
[WhiteElo "1711"]
[BlackElo "1854"]
[PlyCount "97"]
[EventDate "2016.11.06"]
[EventType "team-tourn"]
[EventRounds "9"]
[SourceDate "2016.10.16"]
[WhiteTeam "FHSG Stralsund II"]
[BlackTeam "Waterkant Saal"]

1. Nf3 Nf6 2. c4 c5 3. e3 g6 4. Nc3 Bg7 5. Be2 O-O 6. O-O d6 7. Qc2 Nc6 8. a3
Bf5 9. d3 Qb6 10. Bd2 Rfd8 11. Rfe1 Rac8 12. Na4 Qc7 13. e4 Bg4 14. Be3 Nd7 15.
Nc3 Bxf3 16. Bxf3 e6 17. Rad1 Nd4 18. Bxd4 Bxd4 19. Nb5 Qb6 20. Nxd4 cxd4 21.
b4 Qc7 22. Qb2 Qb6 23. Rc1 Ne5 24. Be2 g5 25. Qd2 f6 26. Bh5 Rf8 27. f4 gxf4
28. Rf1 Ng6 29. Bxg6 hxg6 30. Qxf4 Kg7 31. Rf3 Qd8 32. Rcf1 Qe7 33. h4 a6 34.
h5 g5 35. Qg4 Kh6 36. Qg3 b5 37. cxb5 axb5 38. Qf2 Kxh5 39. Qxd4 Kg6 40. Qb2 e5
41. Rh3 Rh8 42. Rxh8 Rxh8 43. Qf2 Ra8 44. Qf5+ Kg7 45. Rf3 Rh8 46. g4 Rh6 47.
Qc8 Rh4 48. Kg2 Rh8 49. Qf5 1/2-1/2

[Event "1617LLO"]
[Site "Mecklenburg-Vorpommern"]
[Date "2016.11.06"]
[Round "2.2"]
[White "Wiese, Frank"]
[Black "Manke, Karsten"]
[Result "0-1"]
[WhiteElo "1900"]
[BlackElo "1746"]
[PlyCount "80"]
[EventDate "2016.11.06"]
[EventType "team-tourn"]
[EventRounds "9"]
[SourceDate "2016.10.16"]
[WhiteTeam "Waterkant Saal"]
[BlackTeam "FHSG Stralsund II"]

1. d4 Nf6 2. c4 c5 3. d5 e6 4. Nc3 exd5 5. cxd5 d6 6. e4 a6 7. a4 g6 8. Nge2
Bg7 9. Ng3 Qc7 10. Be2 O-O 11. O-O Nbd7 12. Be3 h6 13. Qd2 Kh7 14. Rfd1 Re8 15.
f3 Ne5 16. Nh1 Bd7 17. Nf2 Rad8 18. a5 g5 19. Nd3 Nc4 20. Qc1 Nxe3 21. Qxe3
Nxe4 22. Nf2 Ng3 23. Bd3+ Kh8 24. Qd2 Nf5 25. Kh1 Nd4 26. Bb1 f5 27. Ra3 Re7
28. h4 Bf6 29. Nh3 Rg8 30. Rf1 Qd8 31. Nd1 Re2 32. Qc1 Qe7 33. Re3 Qf7 34. Rxe2
Nxe2 35. Qd2 Ng3+ 36. Kg1 Nxf1 37. Kxf1 Qe7 38. Ne3 Bb5+ 39. Bd3 Re8 40. Nd1
Bxd3+ 0-1

[Event "1617LLO"]
[Site "Mecklenburg-Vorpommern"]
[Date "2016.11.06"]
[Round "2.3"]
[White "Vietinghoff, Klaus"]
[Black "Onasch, Gunnar"]
[Result "1-0"]
[WhiteElo "1707"]
[BlackElo "1804"]
[PlyCount "61"]
[EventDate "2016.11.06"]
[EventType "team-tourn"]
[EventRounds "9"]
[SourceDate "2016.10.16"]
[WhiteTeam "FHSG Stralsund II"]
[BlackTeam "Waterkant Saal"]

1. f4 d5 2. Nf3 c5 3. e3 g6 4. d4 Bg7 5. c3 Nf6 6. Bd3 Bf5 7. O-O Bxd3 8. Qxd3
c4 9. Qc2 Nc6 10. Nbd2 Qc7 11. Ne5 O-O 12. e4 e6 13. Nxc6 Qxc6 14. e5 Nd7 15.
Nf3 b5 16. Be3 Rfb8 17. g4 Qb6 18. Qf2 b4 19. f5 bxc3 20. bxc3 exf5 21. gxf5
Qb2 22. Qxb2 Rxb2 23. fxg6 hxg6 24. Ng5 f6 25. Ne6 fxe5 26. Nxg7 Kxg7 27. dxe5
Rh8 28. e6 Ne5 29. Bd4 Re2 30. Rae1 Rhxh2 31. Bxe5+ 1-0

[Event "1617LLO"]
[Site "Mecklenburg-Vorpommern"]
[Date "2016.11.06"]
[Round "2.4"]
[White "Nickel, Reimo"]
[Black "Vlach, Michael"]
[Result "1/2-1/2"]
[WhiteElo "1712"]
[BlackElo "1583"]
[PlyCount "136"]
[EventDate "2016.11.06"]
[EventType "team-tourn"]
[EventRounds "9"]
[SourceDate "2016.10.16"]
[WhiteTeam "Waterkant Saal"]
[BlackTeam "FHSG Stralsund II"]

1. d4 e6 2. c4 c5 3. d5 e5 4. e4 Nf6 5. Nc3 d6 6. a4 Be7 7. Nge2 O-O 8. Ng3 a6
9. Bd2 Bg4 10. Be2 Bxe2 11. Qxe2 Nbd7 12. Nf5 g6 13. Nxe7+ Qxe7 14. Bg5 Kg7 15.
Qe3 Rh8 16. Bh6+ Kg8 17. Bg5 Kg7 18. f4 exf4 19. Qxf4 h6 20. Bxf6+ Qxf6 21. O-O
Qxf4 22. Rxf4 Ne5 23. Raf1 Rhf8 24. b3 f6 25. h3 Rab8 26. g3 Nd3 27. R4f3 Ne5
28. Re3 Kf7 29. Kg2 Ke7 30. Re2 Rf7 31. Ref2 Nd3 32. Rd2 Ne5 33. Ra2 Ke8 34.
Rd2 Ke7 35. Ra2 Ke8 36. Ne2 Ke7 37. g4 Kd7 38. Nf4 Ke8 39. Ne6 Kd7 40. Raf2 Ke7
41. Ra2 Kd7 42. Kg3 Ke7 43. h4 Rg8 44. Kh3 g5 45. h5 Rb8 46. Rc1 Nd3 47. Rc3
Ne5 48. Rb2 a5 49. Nc7 b6 50. Nb5 Rb7 51. Rf2 Rb8 52. Re3 Kd7 53. Rf1 Ra8 54.
Nc3 Re8 55. Ne2 Ke7 56. Ng3 Rh8 57. Nf5+ Kd7 58. Re2 Nd3 59. Kg3 Nf4 60. Re3
Rhh7 61. Kf3 Rf8 62. Kf2 Re8 63. Ke1 Ng2+ 64. Ke2 Nxe3 65. Kxe3 Rf8 66. Kd3 Kc7
67. Rf2 Kd7 68. Rf1 Kc7 1/2-1/2

[Event "1617LLO"]
[Site "Mecklenburg-Vorpommern"]
[Date "2016.11.06"]
[Round "2.5"]
[White "Klinger, Clemens"]
[Black "Ehmann, Roland"]
[Result "1-0"]
[WhiteElo "1566"]
[BlackElo "1540"]
[PlyCount "61"]
[EventDate "2016.11.06"]
[EventType "team-tourn"]
[EventRounds "9"]
[SourceDate "2016.10.16"]
[WhiteTeam "FHSG Stralsund II"]
[BlackTeam "Waterkant Saal"]

1. e4 e5 2. Nf3 Nc6 3. Bc4 Nf6 4. Ng5 d5 5. exd5 Na5 6. d3 Bd6 7. Bd2 Nxc4 8.
dxc4 Bg4 9. f3 Bf5 10. Nc3 h6 11. Nge4 Bxe4 12. fxe4 Qd7 13. Qf3 a6 14. a3 Bc5
15. Be3 Bxe3 16. Qxe3 O-O 17. O-O Rad8 18. Rf5 Qe7 19. Kh1 Nd7 20. Raf1 f6 21.
b4 b6 22. Nd1 Kh7 23. Rh5 Qf7 24. Qh3 Qg6 25. Rff5 Qf7 26. Ne3 Kg8 27. Ng4 Qg6
28. Nxh6+ gxh6 29. Rxh6 Qg7 30. Rfh5 Rf7 31. Rh8+ 1-0

[Event "1617LLO"]
[Site "Mecklenburg-Vorpommern"]
[Date "2016.11.06"]
[Round "2.7"]
[White "Jabbusch, Burkhard"]
[Black "Hiltner, Harald"]
[Result "1/2-1/2"]
[WhiteElo "1587"]
[BlackElo "1518"]
[PlyCount "96"]
[EventDate "2016.11.06"]
[EventType "team-tourn"]
[EventRounds "9"]
[SourceDate "2016.10.16"]
[WhiteTeam "FHSG Stralsund II"]
[BlackTeam "Waterkant Saal"]

1. f4 d6 2. Nf3 Nf6 3. d3 Nc6 4. e4 e5 5. Nc3 Bg4 6. Be2 Bxf3 7. Bxf3 Nd4 8.
Be3 Nxf3+ 9. Qxf3 g6 10. O-O-O exf4 11. Bxf4 Nh5 12. Rhf1 Nxf4 13. Qxf4 Qd7 14.
d4 h5 15. Qf3 c6 16. d5 Bh6+ 17. Kb1 O-O 18. h3 Rae8 19. g4 Re5 20. Rg1 h4 21.
dxc6 bxc6 22. Qf6 Re6 23. Qxh4 Bg7 24. Qg3 Bxc3 25. Qxc3 Rxe4 26. a3 Rfe8 27.
Rd3 d5 28. Rf3 R8e7 29. Rgf1 Qe6 30. Rf6 Re1+ 31. Rxe1 Qxe1+ 32. Qxe1 Rxe1+ 33.
Ka2 Re6 34. Rf4 Re4 35. Rf3 Kg7 36. c3 f6 37. b4 Kf7 38. Kb3 Ke6 39. Ka4 c5 40.
Kb5 cxb4 41. axb4 Rc4 42. Ka6 Rc7 43. b5 g5 44. Re3+ Kd7 45. h4 gxh4 46. Rh3
Ke6 47. Rxh4 Rxc3 48. Kxa7 d4 1/2-1/2

[Event "1617LLO"]
[Site "Mecklenburg-Vorpommern"]
[Date "2016.11.06"]
[Round "2.1"]
[White "Lange, Jannis"]
[Black "Stork, Michael"]
[Result "0-1"]
[WhiteElo "1778"]
[BlackElo "2021"]
[PlyCount "66"]
[EventDate "2016.11.06"]
[EventType "team-tourn"]
[EventRounds "9"]
[SourceDate "2016.10.16"]
[WhiteTeam "Motor Wolgast"]
[BlackTeam "Waren/Malchow"]

1. Nf3 Nf6 2. g3 d5 3. Bg2 g6 4. O-O Bg7 5. d3 O-O 6. Nbd2 c5 7. e4 Nc6 8. Qe2
Bg4 9. c3 Qd7 10. Re1 Rfd8 11. Qf1 Qc7 12. h3 Bc8 13. Qe2 b6 14. e5 Ne8 15. Nf1
h6 16. N1h2 Kh7 17. Bd2 a5 18. d4 c4 19. Nh4 g5 20. N4f3 Bf5 21. Qe3 f6 22. g4
Be4 23. exf6 exf6 24. Bc1 Nd6 25. Nd2 Bxg2 26. f3 Bxh3 27. Qf2 Nf7 28. Nb1 Re8
29. Rxe8 Rxe8 30. Na3 f5 31. Bd2 Nh8 32. Re1 Rf8 33. Qe3 Qg3+ 0-1

[Event "1617LLO"]
[Site "Mecklenburg-Vorpommern"]
[Date "2016.11.06"]
[Round "2.2"]
[White "Schumacher, Albrecht"]
[Black "Tarasow, Alexey"]
[Result "1/2-1/2"]
[WhiteElo "1961"]
[BlackElo "1861"]
[PlyCount "59"]
[EventDate "2016.11.06"]
[EventType "team-tourn"]
[EventRounds "9"]
[SourceDate "2016.10.16"]
[WhiteTeam "Waren/Malchow"]
[BlackTeam "Motor Wolgast"]

1. Nf3 d5 2. d4 Nf6 3. c4 e6 4. Bg5 Nbd7 5. cxd5 exd5 6. e3 c6 7. Bd3 Be7 8.
Nc3 O-O 9. Qc2 Re8 10. O-O Nf8 11. Rab1 a5 12. a3 Ng6 13. b4 axb4 14. axb4 Ne4
15. Bxe7 Qxe7 16. b5 Bg4 17. Nd2 Ng5 18. bxc6 bxc6 19. Rfe1 Ne6 20. h3 Bh5 21.
g4 Bxg4 22. hxg4 Qh4 23. Be2 Ng5 24. Rf1 Nh3+ 25. Kg2 Ngf4+ 26. exf4 Nxf4+ 27.
Kf3 Qh3+ 28. Kxf4 Qh2+ 29. Kf3 Qh3+ 30. Kf4 1/2-1/2

[Event "1617LLO"]
[Site "Mecklenburg-Vorpommern"]
[Date "2016.11.06"]
[Round "2.3"]
[White "Reinke, Thomas"]
[Black "Arning, Norbert"]
[Result "1/2-1/2"]
[WhiteElo "1876"]
[BlackElo "1939"]
[PlyCount "50"]
[EventDate "2016.11.06"]
[EventType "team-tourn"]
[EventRounds "9"]
[SourceDate "2016.10.16"]
[WhiteTeam "Motor Wolgast"]
[BlackTeam "Waren/Malchow"]

1. e4 e5 2. Nc3 Nc6 3. Bc4 Nf6 4. d3 Na5 5. Bb3 Nxb3 6. axb3 Bb4 7. Nge2 d5 8.
exd5 Nxd5 9. O-O O-O 10. Bd2 c6 11. Nxd5 Bxd2 12. Qxd2 cxd5 13. d4 e4 14. c4
Be6 15. c5 f5 16. b4 a6 17. Ra3 Qd7 18. Nf4 Qf7 19. Rfa1 Bd7 20. Rg3 Rac8 21.
Qd1 Kh8 22. Raa3 Rc6 23. Rg5 Rh6 24. Rag3 g6 25. Ra3 Rg8 1/2-1/2

[Event "1617LLO"]
[Site "Mecklenburg-Vorpommern"]
[Date "2016.11.06"]
[Round "2.4"]
[White "Schmidt, Joerg"]
[Black "Riebort, Frank"]
[Result "1-0"]
[WhiteElo "1878"]
[BlackElo "1878"]
[PlyCount "77"]
[EventDate "2016.11.06"]
[EventType "team-tourn"]
[EventRounds "9"]
[SourceDate "2016.10.16"]
[WhiteTeam "Waren/Malchow"]
[BlackTeam "Motor Wolgast"]

1. Nf3 Nf6 2. g3 g6 3. Bg2 Bg7 4. O-O O-O 5. c4 d6 6. d4 c6 7. Nc3 Nbd7 8. e4
e5 9. b3 Re8 10. Bb2 Qc7 11. Qd2 Nf8 12. h3 exd4 13. Nxd4 Ne6 14. Nde2 Nc5 15.
f3 Be6 16. Nf4 Rad8 17. Nxe6 Nxe6 18. Qf2 Ng4 19. Qd2 Nf6 20. Rfd1 Nh5 21. Ne2
Qb6+ 22. Kh2 Bxb2 23. Qxb2 Qf2 24. Rf1 Qe3 25. Rae1 Qc5 26. f4 Nc7 27. g4 Ng7
28. Ng3 Nge6 29. Rd1 d5 30. cxd5 cxd5 31. f5 Ng7 32. Rd2 dxe4 33. Rxd8 Rxd8 34.
fxg6 hxg6 35. Nxe4 Qd4 36. Nf6+ Kh8 37. Qc1 Qe5+ 38. Kh1 g5 39. Qc2 1-0

[Event "1617LLO"]
[Site "Mecklenburg-Vorpommern"]
[Date "2016.11.06"]
[Round "2.5"]
[White "Rosin, Ralf"]
[Black "Hertel Mach, Frank"]
[Result "0-1"]
[WhiteElo "1755"]
[BlackElo "1807"]
[PlyCount "72"]
[EventDate "2016.11.06"]
[EventType "team-tourn"]
[EventRounds "9"]
[SourceDate "2016.10.16"]
[WhiteTeam "Motor Wolgast"]
[BlackTeam "Waren/Malchow"]

1. d4 Nf6 2. Nf3 b6 3. c4 Bb7 4. Nc3 e6 5. Bg5 Be7 6. Bxf6 Bxf6 7. e4 d6 8. Be2
Nd7 9. O-O O-O 10. Rc1 Re8 11. Bd3 e5 12. d5 Nf8 13. Ne2 Ng6 14. b4 a5 15. a3
Bc8 16. h3 Nf4 17. Nxf4 exf4 18. Qd2 g5 19. c5 h5 20. cxb6 cxb6 21. Rfe1 g4 22.
hxg4 hxg4 23. Nh2 Be5 24. Bb5 Rf8 25. Rxc8 Rxc8 26. Nxg4 Qg5 27. Nxe5 Qxe5 28.
bxa5 bxa5 29. Qxa5 Kg7 30. a4 Rh8 31. Qd2 Qh5 32. f3 Qh4 33. Bc6 Rh6 34. Rc1
Rch8 35. Qb2+ f6 36. Bd7 Qg3 0-1